[Event "W C Fields Memorial Tournament"]
[Site "SchemingMind.com"]
[Date "2020.12.26"]
[Round "-"]
[White "Phillip Beckett"]
[Black "Chessibelle"]
[Result "1-0"]
[WhiteCountry "ENG"]
[BlackCountry "ENG"]
[WhiteElo "1440"]
[WhiteRD "48"]
[BlackElo "1100"]
[BlackRD "59"]
[GameID "463828"]

1. e4 e5 2. Nf3 Nc6 3. Bb5 Nge7 4. O-O d6 5. d4 Bd7 6. dxe5 f6 7. exf6 gxf6 8. Nc3 Bg7 9. Bxc6 Bxc6 10. Nd5 O-O
11. Nxe7+ Qxe7 12. Re1 Rae8 13. c3 b5 14. Bf4 Bb7 15. Qb3+ Kh8 16. Nd4 a6 17. Nf5 Qd7 18. Nxg7 Qxg7 19. f3 Bc8 20. Qc2 Rg8
21. Qf2 Qg6 22. Qg3 Qh5 23. Qf2 c5 24. Bg3 Qf7 25. Qd2 Rd8 26. Qd5 Be6 27. Qd2 Bc8 28. Qd5 Be6 29. Qd2 d5 30. exd5 Rxd5
31. Qf2 f5 32. Be5+ Rg7 33. Bxg7+ Kxg7 34. Qg3+ Kf8 35. Qb8+ Kg7 36. Qg3+ Kf8 37. Rad1 Ke7 38. Rxd5 c4 39. Qd6+ Kf6 40. g4 Kg5
41. h4+ Kxh4 42. Qh2+ Kg5 43. Rxf5+ Bxf5 44. gxf5 Kxf5 45. Re5+ Kg6 46. Qh5+ Kg7 47. Qxf7+ Kxf7 48. Rh5 Kg6 49. Rd5 h5 50. Rd6+ Kg5
51. Rxa6 Kf4 52. Ra5 h4 53. Rxb5 Kxf3 54. Rh5 Kg3 55. a4 h3 56. a5 Kg4 57. Rxh3
1-0

[Event "W C Fields Memorial Tournament"]
[Site "SchemingMind.com"]
[Date "2020.12.26"]
[Round "-"]
[White "Chessibelle"]
[Black "Phillip Beckett"]
[Result "0-1"]
[WhiteCountry "ENG"]
[BlackCountry "ENG"]
[WhiteElo "1100"]
[WhiteRD "59"]
[BlackElo "1440"]
[BlackRD "48"]
[GameID "463829"]

1. e4 e5 2. Nf3 Nc6 3. d3 Nf6 4. g3 Be7 5. Be2 d6 6. O-O O-O 7. Nc3 h6 8. a3 Nh7 9. Nd5 Ng5 10. h4 Nxf3+
11. Bxf3 Be6 12. c4 Nd4 13. Bg2 c6 14. Ne3 c5 15. b3 a6 16. f3 f5 17. Bh3 Qd7 18. f4 fxe4 19. Bg2 Nf3+ 20. Kf2 exf4
21. Nd5 Bxd5 22. Rh1 fxg3+ 23. Ke3 Bc6 24. Rh3 exd3 25. Kxd3 Ne5+ 26. Kc3 Bxg2 27. Rxg3 Bf3 28. Qd2 Qf5 29. Rg1 Bf6 30. b4 Nd3+
31. Kb3 cxb4 32. axb4 Nxc1+ 33. Raxc1 a5 34. Qxd6 axb4 35. Rgf1 Ra3+ 36. Kxb4 Qa5#
0-1

[Event "W C Fields Memorial Tournament"]
[Site "SchemingMind.com"]
[Date "2020.12.29"]
[Round "-"]
[White "Phillip Beckett"]
[Black "Transcendent"]
[Result "0-1"]
[WhiteCountry "ENG"]
[BlackCountry "ENG"]
[WhiteElo "1440"]
[WhiteRD "48"]
[BlackElo "1902"]
[BlackRD "78"]
[GameID "463934"]

1. d4 d5 2. e3 Nf6 3. Bd3 c5 4. c3 Nc6 5. f4 Bg4 6. Nf3 e6 7. O-O Bd6 8. Qe1 O-O 9. Ne5 Bf5 10. Bxf5 exf5
11. Nd2 Re8 12. Ndf3 Ne4 13. Nxc6 bxc6 14. Ne5 Rc8 15. Qe2 f6 16. Nf3 Qd7 17. Nd2 Re7 18. Nxe4 Rxe4 19. Bd2 Rce8 20. Qf2 cxd4
21. exd4 Re2
0-1

[Event "W C Fields Memorial Tournament"]
[Site "SchemingMind.com"]
[Date "2020.12.29"]
[Round "-"]
[White "Transcendent"]
[Black "Phillip Beckett"]
[Result "1-0"]
[WhiteCountry "ENG"]
[BlackCountry "ENG"]
[WhiteElo "1902"]
[WhiteRD "78"]
[BlackElo "1440"]
[BlackRD "48"]
[GameID "463935"]

1. d4 e5 2. dxe5 Nc6 3. Nf3 Qe7 4. Bf4 Qb4+ 5. Bd2 Qxb2 6. Nc3 Qa3 7. Nb5 Qe7 8. Nxc7+ Kd8 9. Nxa8 b6 10. Rb1 Bb7
11. Nxb6 axb6 12. Rxb6 Bc8 13. Rxc6 dxc6 14. Bb4+
1-0

[Event "W C Fields Memorial Tournament"]
[Site "SchemingMind.com"]
[Date "2020.12.29"]
[Round "-"]
[White "Transcendent"]
[Black "Chessibelle"]
[Result "1-0"]
[WhiteCountry "ENG"]
[BlackCountry "ENG"]
[WhiteElo "1902"]
[WhiteRD "78"]
[BlackElo "1100"]
[BlackRD "59"]
[GameID "463936"]

1. e4 e5 2. Nf3 Nc6 3. Bb5 Nge7 4. Nc3 d6 5. d4 Bd7 6. d5 Na5 7. Be2 b6 8. b4 Nb7 9. O-O g6 10. Bg5 Bg7
11. Qd2 c6 12. dxc6 Bxc6 13. b5 Bd7 14. Nd5 Qb8 15. Bxe7 Nc5 16. Bd3 f5 17. exf5 gxf5 18. Qg5 Be6 19. Bc4 Kd7 20. Qxg7 Qe8
21. Nf6+
1-0

[Event "W C Fields Memorial Tournament"]
[Site "SchemingMind.com"]
[Date "2020.12.30"]
[Round "-"]
[White "Chessibelle"]
[Black "Transcendent"]
[Result "0-1"]
[WhiteCountry "ENG"]
[BlackCountry "ENG"]
[WhiteElo "1100"]
[WhiteRD "59"]
[BlackElo "1902"]
[BlackRD "78"]
[GameID "463937"]

1. Nf3 d5 2. d4 Nf6 3. e3 c5 4. Be2 Nc6 5. O-O Bf5 6. Nc3 e6 7. Bd2 Bd6 8. Nb5 O-O 9. a3 Rc8 10. a4 a6
11. Nxd6 Qxd6 12. c3 c4 13. Ng5 h6 14. f4 hxg5 15. fxg5 Ne4 16. Bc1 Nxg5 17. Qe1 Ne4 18. Rf4 g5 19. Rf3 Kg7 20. Kh1 Rh8
21. h3 Rh4 22. Qf1 Bg6 23. Bd1 Ng3+ 24. Rxg3 Qxg3 25. Bf3 Rch8 26. Qg1 Rxh3+ 27. gxh3 Rxh3+
0-1

[Event "W C Fields Memorial Tournament"]
[Site "SchemingMind.com"]
[Date "2020.12.30"]
[Round "-"]
[White "Phillip Beckett"]
[Black "kenneth m day"]
[Result "0-1"]
[WhiteCountry "ENG"]
[BlackCountry "USA"]
[WhiteElo "1440"]
[WhiteRD "48"]
[BlackElo "1707"]
[BlackRD "52"]
[GameID "463948"]

1. d4 Nf6 2. e3 d6 3. Bd3 g6 4. f4 Bg7 5. Nf3 O-O 6. O-O Nbd7 7. c3 c5 8. Nbd2 Rb8 9. Qe1 b6 10. e4 Bb7
11. e5 dxe5 12. fxe5 Nd5 13. Ne4 Re8 14. e6 fxe6 15. dxc5 Nxc5 16. Nxc5 bxc5 17. Qxe6+ Kh8 18. Ng5 Rf8 19. Nf7+ Rxf7 20. Qxf7 Nf6
21. Bc2 Bd5 22. Rd1 Bxf7 23. Rxd8+ Rxd8 24. Bg5 h6 25. Be3 Rc8 26. Rd1 Ng4 27. Bf2 Nxf2 28. Kxf2 Rc7 29. Rd8+ Kh7 30. a3 Bf6
31. Bb1 e5 32. Ke3 Bxd8
0-1

[Event "W C Fields Memorial Tournament"]
[Site "SchemingMind.com"]
[Date "2020.12.30"]
[Round "-"]
[White "kenneth m day"]
[Black "Phillip Beckett"]
[Result "1-0"]
[WhiteCountry "USA"]
[BlackCountry "ENG"]
[WhiteElo "1707"]
[WhiteRD "52"]
[BlackElo "1440"]
[BlackRD "48"]
[GameID "463949"]

1. e4 e5 2. f4 Qh4+ 3. g3 Qe7 4. d3 d5 5. Nc3 c6 6. fxe5 dxe4 7. Bf4 exd3 8. Bxd3 f6 9. Qe2 fxe5 10. Bxe5 Nd7
11. Bf4 Qxe2+ 12. Ngxe2 Bb4 13. O-O-O Ngf6 14. Bc4 Nb6 15. Bb3 Bf5 16. Nd4 Bg6 17. Rhe1+ Kf8 18. Ne6+ Ke7 19. Nc5+ Kf8 20. Bd6#
1-0

[Event "W C Fields Memorial Tournament"]
[Site "SchemingMind.com"]
[Date "2020.12.31"]
[Round "-"]
[White "Transcendent"]
[Black "kenneth m day"]
[Result "1-0"]
[WhiteCountry "ENG"]
[BlackCountry "USA"]
[WhiteElo "2009"]
[WhiteRD "64"]
[BlackElo "1704"]
[BlackRD "52"]
[GameID "463950"]

1. d4 Nf6 2. c4 e5 3. dxe5 Ng4 4. Bf4 Nc6 5. Nf3 Bb4+ 6. Nbd2 Qe7 7. e3 Ngxe5 8. Nxe5 Nxe5 9. Be2 O-O 10. O-O d6
11. a3 Bc5 12. b4 Bb6 13. Bg3 c5 14. Ne4 Rd8 15. Nc3 Be6 16. Nd5 Bxd5 17. Qxd5 Rab8 18. Rad1 Qe6 19. Qe4 f5 20. Qc2 Rf8
21. Rd5 Rbd8 22. Rfd1 Bc7 23. bxc5 Rfe8 24. cxd6 Bxd6 25. Bxe5 Be7 26. Qc3 Rxd5 27. cxd5 Qf7 28. d6 Bf6 29. Bc4 Re6 30. Bxf6 Qxf6
31. Qxf6
1-0

[Event "W C Fields Memorial Tournament"]
[Site "SchemingMind.com"]
[Date "2020.12.31"]
[Round "-"]
[White "kenneth m day"]
[Black "Transcendent"]
[Result "0-1"]
[WhiteCountry "USA"]
[BlackCountry "ENG"]
[WhiteElo "1704"]
[WhiteRD "52"]
[BlackElo "2009"]
[BlackRD "64"]
[GameID "463951"]

1. e4 e5 2. Nf3 d5 3. Nxe5 Bd6 4. d4 dxe4 5. Nc3 Bxe5 6. dxe5 Qxd1+ 7. Nxd1 Nc6 8. Bf4 Nge7 9. Nc3 Ng6 10. Bg3 Ncxe5
11. Nxe4 f5 12. Nc5 f4 13. Bxf4 Nxf4 14. O-O-O O-O 15. g3 Ne6 16. Ne4 b6 17. Bg2 Bb7 18. Rhe1 Rad8 19. f3 Rxd1+ 20. Rxd1 Bxe4
21. fxe4 Rf2 22. Bh3 Kf7 23. Rd2 Rxd2 24. Kxd2 Nf3+ 25. Ke3 Nxh2 26. Kf2 h5 27. Kg2 Ng4 28. Kf3 Ng5+ 29. Kf4 Nxh3+ 30. Kf3 Ne5+
31. Kg2 Ng5
0-1

[Event "W C Fields Memorial Tournament"]
[Site "SchemingMind.com"]
[Date "2020.12.30"]
[Round "-"]
[White "kenneth m day"]
[Black "Chessibelle"]
[Result "1-0"]
[WhiteCountry "USA"]
[BlackCountry "ENG"]
[WhiteElo "1707"]
[WhiteRD "52"]
[BlackElo "1100"]
[BlackRD "59"]
[GameID "463952"]

1. e4 e5 2. Nf3 Nc6 3. c3 d6 4. Bc4 h6 5. d4 Bd7 6. Be3 Nf6 7. Nbd2 Be7 8. dxe5 dxe5 9. Qb3 O-O 10. Qd1 a6
11. O-O b5 12. Bb3 Bd6 13. Bc2 Be6 14. Nh4 Ng4 15. Nf5 Bxf5 16. exf5 h5 17. Qf3 Nf6 18. Qxc6 Re8 19. Bg5 Be7 20. Rad1 Bd6
21. Ne4 Qc8 22. Bxf6 Bf8 23. Bh4 Ra7 24. Rfe1 g6 25. Nf6+ Kg7 26. Nxe8+ Kh6 27. Rxe5 Kh7 28. fxg6+ Kg8 29. gxf7+ Kh8 30. Rxh5+
1-0

[Event "W C Fields Memorial Tournament"]
[Site "SchemingMind.com"]
[Date "2020.12.30"]
[Round "-"]
[White "Chessibelle"]
[Black "kenneth m day"]
[Result "0-1"]
[WhiteCountry "ENG"]
[BlackCountry "USA"]
[WhiteElo "1100"]
[WhiteRD "59"]
[BlackElo "1707"]
[BlackRD "52"]
[GameID "463953"]

1. Nf3 d5 2. d4 Nf6 3. e3 Bg4 4. Be2 Nbd7 5. O-O g6 6. Nc3 e6 7. Bd2 Bg7 8. a3 Qe7 9. h3 Bxf3 10. Bxf3 O-O-O
11. Qe2 h5 12. Nb5 Kb8 13. Qd3 a6 14. Nc3 g5 15. Na4 g4 16. Be2 gxh3 17. Bb4 Qe8 18. g3 Ne4 19. c4 Ndf6 20. f3 Nxg3
21. Bd1 Nxf1 22. Qxf1 Rg8 23. Kf2 h2 24. Kg2 Bh6+ 25. Kxh2 Bxe3 26. Bc3 Bf4+ 27. Kh3 Rg3+ 28. Kh4 Qg8 29. Qf2 Qg5#
0-1

[Event "W C Fields Memorial Tournament"]
[Site "SchemingMind.com"]
[Date "2021.01.14"]
[Round "-"]
[White "mochiron"]
[Black "Phillip Beckett"]
[Result "1-0"]
[WhiteCountry "JPN"]
[BlackCountry "ENG"]
[WhiteElo "1392"]
[WhiteRD "78"]
[BlackElo "1453"]
[BlackRD "52"]
[GameID "464400"]

1. b4 c6 2. Bb2 Qb6 3. a3 a5 4. e3 axb4 5. a4 d5 6. Nf3 Nf6 7. Be2 Na6 8. O-O Nc5 9. Bxf6 exf6 10. d4 Na6
11. Bxa6 Rxa6 12. c3 Bf5 13. cxb4 Qxb4 14. Nbd2 Bd6 15. Nh4 Bd7 16. Ndf3 O-O 17. Rb1 Qxa4 18. Qxa4 Rxa4 19. Rxb7 Be6 20. g3 Rb8
21. Rxb8+ Bf8 22. h3 Ra7 23. g4 Rc7 24. Nf5 Rc8 25. Rxc8 Bxc8 26. h4 Bxf5 27. gxf5 Bd6 28. Ra1
1-0

[Event "W C Fields Memorial Tournament"]
[Site "SchemingMind.com"]
[Date "2021.01.14"]
[Round "-"]
[White "Phillip Beckett"]
[Black "mochiron"]
[Result "1-0"]
[WhiteCountry "ENG"]
[BlackCountry "JPN"]
[WhiteElo "1495"]
[WhiteRD "53"]
[BlackElo "1401"]
[BlackRD "81"]
[GameID "464401"]

1. e4 c6 2. d4 d5 3. Nc3 dxe4 4. Nxe4 Bf5 5. Ng3 e6 6. Nxf5 exf5 7. c3 Be7 8. Nf3 h6 9. Bd3 Qd7 10. Ne5 Qd5
11. O-O Nd7 12. Nxd7 Qxd7 13. Qe2 O-O-O 14. Qf3 g6 15. Bf4 g5 16. Bd2 f4 17. g3 fxg3 18. fxg3 Nf6 19. Bf5 g4 20. Bxd7+ Nxd7
21. Qxg4 Rhg8 22. Qf5 Bh4 23. Qxf7 Bxg3 24. hxg3 Rxg3+ 25. Kh2 Rd3 26. Bxh6 Rh8 27. Qg7 Re8 28. Rad1 Re2+ 29. Kg1 Rxd1 30. Rxd1 Rxb2
31. Qh8+ Kc7 32. Bf4+ Kb6 33. Qd8+ Ka6 34. Qxd7 Ka5 35. Qc7+ Ka6 36. Bc1 Rxa2 37. d5 c5 38. Qd6+ Kb5 39. Be3 b6 40. Qd7+ Kc4
41. d6 Kxc3 42. Qg7+ Kb4 43. Rb1+
1-0

[Event "W C Fields Memorial Tournament"]
[Site "SchemingMind.com"]
[Date "2021.01.14"]
[Round "-"]
[White "mochiron"]
[Black "Transcendent"]
[Result "0-1"]
[WhiteCountry "JPN"]
[BlackCountry "ENG"]
[WhiteElo "1381"]
[WhiteRD "89"]
[BlackElo "2089"]
[BlackRD "64"]
[GameID "464402"]

1. a3 d5 2. e3 e5 3. d3 Nf6 4. Nf3 Bd6 5. Be2 O-O 6. O-O c5 7. e4 d4 8. Bg5 h6 9. Bxf6 Qxf6 10. Nbd2 Be6
11. h3 Nc6 12. Nc4 Bc7 13. Nh2 b5 14. Ng4 Bxg4 15. Bxg4 bxc4 16. dxc4 Rab8 17. b3 Qg6 18. Qf3 Ba5 19. Bh5 Qg5 20. Bg4 Bc3
21. Rad1 Ne7 22. Rd3 f5 23. exf5 Nxf5 24. Qd5+ Kh8 25. Bxf5 Rxf5 26. Rg3 Qf6 27. Qxc5 e4 28. Qc7 Rf8 29. f4 e3 30. c5 e2
31. Re1 Bxe1 32. Rg4 h5 33. Qxg7+ Qxg7 34. Rxg7 Kxg7 35. c6 Rxf4 36. c7 Bg3
0-1

[Event "W C Fields Memorial Tournament"]
[Site "SchemingMind.com"]
[Date "2021.01.14"]
[Round "-"]
[White "Transcendent"]
[Black "mochiron"]
[Result "1-0"]
[WhiteCountry "ENG"]
[BlackCountry "JPN"]
[WhiteElo "2089"]
[WhiteRD "64"]
[BlackElo "1381"]
[BlackRD "89"]
[GameID "464403"]

1. e4 g6 2. d4 Bg7 3. Nc3 e6 4. Nf3 d6 5. Bd3 Nc6 6. Be3 Bd7 7. O-O Nf6 8. Qd2 Ng4 9. h3 Nxe3 10. Qxe3 O-O
11. a3 d5 12. e5 Ne7 13. g4 f5 14. Ne2 a6 15. c3 fxg4 16. hxg4 Rxf3 17. Qxf3 c6 18. Qg3 Qf8 19. f4 Nf5 20. gxf5 exf5
21. c4 Be6 22. c5 a5 23. Kf2 Rb8 24. Rfb1 b6 25. b4 a4 26. cxb6 Rxb6 27. Nc3 Qb8 28. Nxa4 Rb7 29. Nc5 Re7 30. Qh4 Qd8
31. Nxe6 Qe8 32. Nc5 Qf8 33. Rh1 h5 34. Rag1 Qf7 35. Rxg6 Ra7 36. Rxg7+ Kxg7 37. Rg1+ Kf8 38. Qd8+ Qe8 39. Rg8+ Kxg8 40. Qxe8+ Kg7
41. Bxf5 Rf7 42. Ne6+
1-0

[Event "W C Fields Memorial Tournament"]
[Site "SchemingMind.com"]
[Date "2021.01.14"]
[Round "-"]
[White "mochiron"]
[Black "kenneth m day"]
[Result "1-0"]
[WhiteCountry "JPN"]
[BlackCountry "USA"]
[WhiteElo "1401"]
[WhiteRD "81"]
[BlackElo "1663"]
[BlackRD "57"]
[GameID "464404"]

1. f4 d5 2. Nf3 Nf6 3. e3 g6 4. Be2 Bg7 5. O-O c5 6. d4 cxd4 7. Nxd4 O-O 8. Nc3 a6 9. Bd2 Bd7 10. a3 Nc6
11. Nf3 Rc8 12. Ne5 Nxe5 13. fxe5 Ne4 14. Nxe4 dxe4 15. Bc3 Qc7 16. e6 Bxe6 17. Bxg7 Kxg7 18. Qd4+ f6 19. c3 Qc6 20. h3 Rfd8
21. Qb4 Rd7 22. c4 Bxc4 23. Bxc4 Qxc4 24. Qe1 Qb3 25. Rc1 Rdc7 26. Rxc7 Rxc7 27. Qb4 Qxe3+ 28. Kh1 Qc5 29. Qe1 f5 30. b4 Qc3
31. Qd1 Qd3 32. Qa1+ Qc3 33. Qd1 Qd3 34. Qa1+ Rc3 35. Rc1 e3 36. Rxc3
1-0

[Event "W C Fields Memorial Tournament"]
[Site "SchemingMind.com"]
[Date "2021.01.14"]
[Round "-"]
[White "kenneth m day"]
[Black "mochiron"]
[Result "1-0"]
[WhiteCountry "USA"]
[BlackCountry "JPN"]
[WhiteElo "1663"]
[WhiteRD "57"]
[BlackElo "1401"]
[BlackRD "81"]
[GameID "464405"]

1. e4 c6 2. d4 d5 3. e5 Bf5 4. Nc3 e6 5. g4 Be4 6. Nxe4 dxe4 7. Ne2 Bb4+ 8. Bd2 Bxd2+ 9. Qxd2 Ne7 10. Nc3 O-O
11. Nxe4 Nc8 12. O-O-O Nb6 13. Bg2 N8d7 14. h4 Nc4 15. Qd3 b5 16. Ng5 g6 17. Bxc6 Rc8 18. Bxb5 Ncb6 19. f4 f5 20. Nxe6 Qe7
21. Nxf8 Nxf8 22. gxf5 Qf7 23. f6 Qxa2 24. Kd2 Nc4+ 25. Bxc4+ Rxc4 26. b3 Rc8 27. Ra1 Qb2 28. Rhb1 Rxc2+ 29. Qxc2 Qxd4+ 30. Qd3 Qf2+
31. Kc3 Qc5+ 32. Qc4+ Qxc4+ 33. bxc4 Ne6 34. Rb8+ Nf8 35. Rxa7 h5 36. Rg7+ Kh8 37. Rxf8#
1-0

[Event "W C Fields Memorial Tournament"]
[Site "SchemingMind.com"]
[Date "2021.01.15"]
[Round "-"]
[White "mochiron"]
[Black "Chessibelle"]
[Result "1-0"]
[WhiteCountry "JPN"]
[BlackCountry "ENG"]
[WhiteElo "1389"]
[WhiteRD "77"]
[BlackElo "1102"]
[BlackRD "59"]
[GameID "464406"]

1. d4 d5 2. Bf4 Nc6 3. e3 Bd7 4. Nf3 h6 5. Be2 e6 6. O-O f5 7. Ne5 Bc8 8. Bh5+ Ke7 9. Ng6+ Kd7 10. Nxh8 Nge7
11. Nf7 Qe8 12. Ne5+ Nxe5 13. Bxe8+
1-0

[Event "W C Fields Memorial Tournament"]
[Site "SchemingMind.com"]
[Date "2021.01.14"]
[Round "-"]
[White "Chessibelle"]
[Black "mochiron"]
[Result "0-1"]
[WhiteCountry "ENG"]
[BlackCountry "JPN"]
[WhiteElo "1109"]
[WhiteRD "57"]
[BlackElo "1392"]
[BlackRD "78"]
[GameID "464407"]

1. Nf3 Nc6 2. d4 d5 3. e3 Bg4 4. Be2 Bxf3 5. Bxf3 e6 6. Bd2 Be7 7. O-O Nf6 8. b3 O-O 9. Bc3 h6 10. g3 Nh7
11. Be2 Ng5 12. Kg2 Ne4 13. Be1 f5 14. Nd2 Ng5 15. h4 Nh7 16. f3 e5 17. c4 e4 18. Rh1 exf3+ 19. Bxf3 dxc4 20. Nxc4 Rf6
21. Bc3 Rg6 22. Bh5 Rf6 23. a4 f4 24. exf4 Rxf4 25. gxf4 Nf6 26. Bf3 Qf8 27. d5 Nd8 28. Ne5 Nf7 29. Ng6 Qe8 30. Qe1 Kh7
31. Nxe7 Rd8 32. Qb1+ Kh8 33. Ng6+ Kg8 34. b4 Nh8 35. Ne5 Nf7 36. Be2 Rxd5 37. Nc4 Qxe2+ 38. Kg3 Nh5+
0-1

[Event "W C Fields Memorial Tournament"]
[Site "SchemingMind.com"]
[Date "2021.01.15"]
[Round "-"]
[White "mochiron"]
[Black "Johnny Owens"]
[Result "0-1"]
[WhiteCountry "JPN"]
[BlackCountry "USA"]
[WhiteElo "1383"]
[WhiteRD "84"]
[BlackElo "1918"]
[BlackRD "77"]
[GameID "464477"]

1. f4 d5 2. Nf3 Nf6 3. e3 c5 4. Be2 Bf5 5. O-O e6 6. d4 Nc6 7. Ne5 h5 8. Nxc6 bxc6 9. Nc3 cxd4 10. exd4 a5
11. Bd2 Qb6 12. Re1 Qxd4+ 13. Kh1 Ng4 14. Bxg4 hxg4 15. Be3 Qxd1 16. Raxd1 Rb8 17. b3 Bb4 18. Bd2 Ke7 19. Ne2 Bxc2 20. Rc1 Bxd2
21. Rxc2 Bxe1 22. Rxc6 g3 23. h3 Rhc8 24. Rxc8 Rxc8 25. Kg1 Bf2+ 26. Kf1 d4 27. f5 d3 28. Nxg3 Bxg3
0-1

[Event "W C Fields Memorial Tournament"]
[Site "SchemingMind.com"]
[Date "2021.01.18"]
[Round "-"]
[White "Johnny Owens"]
[Black "mochiron"]
[Result "1-0"]
[WhiteCountry "USA"]
[BlackCountry "JPN"]
[WhiteElo "1918"]
[WhiteRD "77"]
[BlackElo "1383"]
[BlackRD "84"]
[GameID "464478"]

1. Nf3 d5 2. b3 e6 3. Bb2 Nc6 4. e3 Bd6 5. Bxg7 Bd7 6. Bxh8 Nf6 7. c4 Qe7 8. Nc3 O-O-O 9. Bxf6 Qxf6 10. cxd5 exd5
11. Nxd5 Qg6 12. a3 Be6 13. Nc3 Ne5 14. Nxe5 Bxe5 15. d4 Bg7 16. Rc1 c5 17. Na4 b6 18. b4 c4 19. Bxc4 Bxc4 20. Rxc4+ Kb7
21. Qf3+ Kb8 22. O-O Qd6 23. Rfc1 Qg6 24. Rc7 Rd5 25. Qxd5
1-0

[Event "W C Fields Memorial Tournament"]
[Site "SchemingMind.com"]
[Date "2021.01.15"]
[Round "-"]
[White "Phillip Beckett"]
[Black "Johnny Owens"]
[Result "0-1"]
[WhiteCountry "ENG"]
[BlackCountry "USA"]
[WhiteElo "1453"]
[WhiteRD "52"]
[BlackElo "1999"]
[BlackRD "81"]
[GameID "464479"]

1. e4 d5 2. exd5 Qxd5 3. Nc3 Qd6 4. Qe2 Nc6 5. Nf3 Bg4 6. h3 Bxf3 7. Qxf3 O-O-O 8. Bb5 Nd4 9. Qd3 Qe5+ 10. Qe3 Nxc2+
0-1

[Event "W C Fields Memorial Tournament"]
[Site "SchemingMind.com"]
[Date "2021.01.15"]
[Round "-"]
[White "Johnny Owens"]
[Black "Phillip Beckett"]
[Result "1-0"]
[WhiteCountry "USA"]
[BlackCountry "ENG"]
[WhiteElo "2040"]
[WhiteRD "84"]
[BlackElo "1495"]
[BlackRD "53"]
[GameID "464480"]

1. Nf3 Nf6 2. b3 g6 3. Bb2 Bg7 4. g3 O-O 5. Bg2 d6 6. d4 Nbd7 7. O-O c6 8. Nbd2 Ne8 9. e4 f5 10. exf5 Rxf5
11. a4 Rf8 12. Qe2 Nef6 13. Ng5 Nb6 14. c4 h6 15. Ne6 Bxe6 16. Qxe6+ Kh7 17. a5 Qd7 18. Qe2 d5 19. axb6 axb6 20. Nf3 Rxa1
21. Bxa1 Ne4 22. Ne5 Bxe5 23. dxe5 e6 24. Bd4 c5 25. Bb2 Qc7 26. f3 Ng5 27. f4 Nf7 28. cxd5 exd5 29. f5 gxf5 30. Rxf5 Qe7
31. Bxd5 Ng5 32. Rxf8 Qxf8 33. Qc2+ Kg7 34. b4 Nf3+ 35. Bxf3 Qxf3 36. e6+ Kf8 37. Qd2 Ke7 38. Qd7+ Kf8 39. Qd8#
1-0

[Event "W C Fields Memorial Tournament"]
[Site "SchemingMind.com"]
[Date "2021.01.15"]
[Round "-"]
[White "Transcendent"]
[Black "Johnny Owens"]
[Result "1/2-1/2"]
[WhiteCountry "ENG"]
[BlackCountry "USA"]
[WhiteElo "2065"]
[WhiteRD "62"]
[BlackElo "1918"]
[BlackRD "77"]
[GameID "464481"]

1. d4 e6 2. e4 d5 3. Nc3 dxe4 4. Nxe4 Nd7 5. Nf3 Ngf6 6. Bd3 c5 7. O-O Nxe4 8. Bxe4 Nf6 9. Bg5 Be7 10. Bxf6 gxf6
11. c3 cxd4 12. Nxd4 h5 13. Qb3 Qc7 14. Rad1 a6 15. Rfe1 h4 16. h3 f5 17. Bf3 e5 18. Nc2 e4 19. Be2 O-O 20. Ne3 Bc5
21. Bc4 b5 22. Bd5=
1/2-1/2

[Event "W C Fields Memorial Tournament"]
[Site "SchemingMind.com"]
[Date "2021.01.15"]
[Round "-"]
[White "Johnny Owens"]
[Black "Transcendent"]
[Result "1/2-1/2"]
[WhiteCountry "USA"]
[BlackCountry "ENG"]
[WhiteElo "1918"]
[WhiteRD "77"]
[BlackElo "2065"]
[BlackRD "62"]
[GameID "464482"]

1. Nf3 d5 2. b3 Bg4 3. Bb2 e6 4. e3 Nf6 5. Be2 Nbd7 6. h3 Bh5 7. d3 Bd6 8. c4 O-O 9. Nbd2 c6 10. O-O Qe7
11. Nh4 Bxe2 12. Qxe2 Rad8 13. Rad1 Rfe8 14. f4 a5 15. Kh1 a4 16. g4 Ne4 17. Nxe4 dxe4 18. g5 exd3=
1/2-1/2

[Event "W C Fields Memorial Tournament"]
[Site "SchemingMind.com"]
[Date "2021.01.15"]
[Round "-"]
[White "kenneth m day"]
[Black "Johnny Owens"]
[Result "0-1"]
[WhiteCountry "USA"]
[BlackCountry "USA"]
[WhiteElo "1643"]
[WhiteRD "53"]
[BlackElo "1918"]
[BlackRD "77"]
[GameID "464483"]

1. e4 d5 2. exd5 Qxd5 3. Nc3 Qd6 4. d4 Nf6 5. Nf3 c6 6. Be2 Bg4 7. h3 Bxf3 8. Bxf3 e6 9. Be3 Nbd7 10. O-O Be7
11. Qe2 Rd8 12. Rfd1 Qc7 13. Rd2 O-O 14. Rad1 b5 15. a3 Nd5 16. Ne4 N7b6 17. Qd3 Nc4 18. c3 Ndxe3 19. fxe3 f5 20. Nc5 Bxc5
21. Re2 Qg3 22. Qc2 Bd6 23. Ree1 Qh2+ 24. Kf1 Bg3 25. Ke2 Bxe1 26. Rxe1 e5 27. dxe5 Nxe5 28. Kf2 f4 29. exf4 Nxf3 30. Kxf3 Qxf4+
31. Ke2 Qf2#
0-1

[Event "W C Fields Memorial Tournament"]
[Site "SchemingMind.com"]
[Date "2021.01.15"]
[Round "-"]
[White "Johnny Owens"]
[Black "kenneth m day"]
[Result "1-0"]
[WhiteCountry "USA"]
[BlackCountry "USA"]
[WhiteElo "1999"]
[WhiteRD "81"]
[BlackElo "1704"]
[BlackRD "52"]
[GameID "464484"]

1. Nf3 Nf6 2. b3 d5 3. Bb2 e6 4. e3 c5 5. c4 Be7 6. cxd5 Qxd5 7. Nc3 Qd6 8. g4 Nc6 9. g5 Nd5 10. Ne4 Qc7
11. Bxg7 Rg8 12. Bb2 Bd7 13. a3 O-O-O 14. Rc1 Kb8 15. Nxc5 Bxc5 16. Rxc5 Qb6 17. Qc2 Rc8 18. Bd3 Na5 19. Ne5 Rgd8 20. Nxd7+
1-0

[Event "W C Fields Memorial Tournament"]
[Site "SchemingMind.com"]
[Date "2021.01.15"]
[Round "-"]
[White "Chessibelle"]
[Black "Johnny Owens"]
[Result "0-1"]
[WhiteCountry "ENG"]
[BlackCountry "USA"]
[WhiteElo "1109"]
[WhiteRD "57"]
[BlackElo "1999"]
[BlackRD "81"]
[GameID "464485"]

1. Nf3 d5 2. d4 f5 3. g3 Nf6 4. Nc3 e6 5. e3 b6 6. Bd2 Bb7 7. Bg2 Bd6 8. O-O Ne4 9. Be1 Ba6 10. Ne2 Nd7
11. b3 O-O 12. h4 Qe7 13. Nf4 Bxf1 14. Kxf1 Rac8 15. Nd2 Nc3 16. Qf3 c5 17. Nb1 Nxb1 18. Rxb1 cxd4 19. exd4 Rxc2 20. Ra1 Rfc8
21. Kg1 Bxf4 22. Qxf4 Nf6 23. Qg5 Qa3 24. Qe3 Ne4 25. Qf4 Qb2 26. Rd1 Rc1 27. Bf3 Rxd1 28. Bxd1 Qb1 29. Kg2 Qxd1 30. Qe5 Kf7
31. Bb4 Rc1 32. Qb8 Qh1#
0-1

[Event "W C Fields Memorial Tournament"]
[Site "SchemingMind.com"]
[Date "2021.01.15"]
[Round "-"]
[White "Johnny Owens"]
[Black "Chessibelle"]
[Result "1-0"]
[WhiteCountry "USA"]
[BlackCountry "ENG"]
[WhiteElo "1999"]
[WhiteRD "81"]
[BlackElo "1109"]
[BlackRD "57"]
[GameID "464486"]

1. Nf3 Nc6 2. b3 e5 3. Bb2 d6 4. e3 Nf6 5. d4 Bd7 6. dxe5 dxe5 7. Nxe5 Nxe5 8. Bxe5 Be7 9. Be2 O-O 10. Nd2 b5
11. O-O Bc8 12. Nf3 Bd7 13. c4 c6 14. h3 h5 15. Qd4 Kh8 16. Rad1 c5 17. Qh4 g6 18. Rd6 Kg7 19. Rfd1 Qc8 20. Rxf6 Kg8
21. Qf4 Qe8 22. Qh6 Qd8 23. Rxg6+
1-0